Deutsche Fußballstadien Bilderquiz - Statistiken

Allgemein
  • Dieses Quiz wurde 137 mal gespielt
  • Das Durchschnittsergebnis liegt bei 10 aus 16
Antwortstatistiken
Bildquiz Antwort % Korrekt
Olympiastadion
91%
Millerntor-Stadion
81%
Signal-Iduna-Park
81%
Weserstadion
81%
Deutsche Bank Park
77%
Veltins-Arena
75%
Borussia-Park
59%
Stadion An der Alten Försterer
59%
Rheinenergiestadion
55%
MHPArena
53%
Europa-Park Stadion
52%
Max-Morlock-Stadion
51%
Tivoli
49%
WWK-Arena
49%
Holstein-Stadion
44%
Fritz-Walter-Stadion
35%
Keine übereinstimmenden Quizze gefunden
Verteilung der Resultate
Anzahl Personen mit jedem Resultat
Perzentil nach korrekt beantworteten Fragen
Ihre Resultats-Entwicklung
Sie haben dieses Quiz noch nicht gespielt